000 00516nam a2200181Ia 4500
001 7564
005 20260306160504.0
008 260306t2011||||xx |||||||||||||| ||spa||
041 _aESP
082 _a351
_bU61 Nº 6
100 _aUniversidad Católica Sedes Sapientiae
_eAUT
245 0 _aLa eficacia en la gestión pública:
_bel caso de la getión de inversión pública local en el Perú
260 _c2011
300 _a61 páginas :
_c28 cm.
650 _aGEN
654 _aCAN
942 _cLIB
_dJUS
_fJUS
_2ddc
_n
999 _c7564
_d7564